000 00326nam a22001337a 4500
008 170221b xxu||||| |||| 00| 0 eng d
020 _a0521786452
041 _aeng
080 _a615
100 _a5
101 _aSHF
245 _aESSENTIAL PSIKOPHARMACOLOGY OF DEPRESSION AND BIPOLAR DISORDER
_cSTAHL, S.M
942 _2udc
_cBK
999 _c5939
_d5939